000 01504nam0a2200361 4500
001 RU\NLR\BIBL_A\012227232
005 20200304153607.0
010 _a978-5-4431-0166-8
_91000
021 _aRU
_bКН-П-19-105177
_9КН-П-19-7754
035 _a(NLR Aleph) 012227232
035 _a(RuMoRGB)010225854
090 _a10965512
_c10965512
100 _a20200221d2019 u y0rusy50 ca
101 0 _arus
_deng
102 _aRU
105 _a c||z|||010zb
181 0 _ai
_baxxe
182 0 _an
200 1 _aПолет орла
_eк 100-летию со дня рождения Федора Ефимовича Московко
_fВалентин Московко
203 _aТекст
_bвизуальный
_cнепосредственный
210 _aМосква
_cАвторская Книга
_d2019
215 _a45, [2] с.
_cил., портр., цв. ил., портр.
_d21
300 _aНа обороте тит. л. в аннот. авт.: Валентин Московко, социолог
300 _aРез. англ.
600 1 _aМосковко
_bФ. Е.
_gФедор Ефимович
_f1919-2011
_2nlr_sh2
_3RU\NLR\AUTH\6601669400
686 1 _aУ31(2)-640(2Р-4Ир)
700 1 _aМосковко
_bВ. Ф.
_gВалентин Федорович
702 1 _aМосковко
_bФ. Е.
_f1919-2011
_gФедор Ефимович
_4570
942 _cBOOK
980 _aNBR
980 _aNB